<?xml version="1.0" encoding="UTF-8"?>
<collection xmlns="http://www.loc.gov/MARC21/slim">
 <record>
  <leader>03321nam a2200361 a 4500</leader>
  <controlfield tag="001">1/44626</controlfield>
  <controlfield tag="008">140623s2006    us            001 0 eng  </controlfield>
  <datafield tag="020" ind1=" " ind2=" ">
   <subfield code="a">1423789741 (electronic bk.)</subfield>
  </datafield>
  <datafield tag="020" ind1=" " ind2=" ">
   <subfield code="a">9781423789741 (electronic bk.)</subfield>
  </datafield>
  <datafield tag="020" ind1=" " ind2=" ">
   <subfield code="a">9781597491129</subfield>
  </datafield>
  <datafield tag="020" ind1=" " ind2=" ">
   <subfield code="a">1597491128</subfield>
  </datafield>
  <datafield tag="020" ind1=" " ind2=" ">
   <subfield code="a">1597491241 (electronic bk. : Adobe Reader)</subfield>
  </datafield>
  <datafield tag="020" ind1=" " ind2=" ">
   <subfield code="a">9781597491242 (electronic bk. : Adobe Reader)</subfield>
  </datafield>
  <datafield tag="020" ind1=" " ind2=" ">
   <subfield code="a">0080488382</subfield>
  </datafield>
  <datafield tag="020" ind1=" " ind2=" ">
   <subfield code="a">9780080488387</subfield>
  </datafield>
  <datafield tag="035" ind1=" " ind2=" ">
   <subfield code="l">47580</subfield>
  </datafield>
  <datafield tag="040" ind1=" " ind2=" ">
   <subfield code="a">N$T</subfield>
   <subfield code="b">eng</subfield>
   <subfield code="c">N$T</subfield>
   <subfield code="d">OCLCQ</subfield>
   <subfield code="d">TUU</subfield>
   <subfield code="d">OCLCQ</subfield>
   <subfield code="d">B24X7</subfield>
   <subfield code="d">OCLCQ</subfield>
   <subfield code="d">IDEBK</subfield>
   <subfield code="d">OPELS</subfield>
   <subfield code="d">MERUC</subfield>
   <subfield code="d">CCO</subfield>
   <subfield code="d">E7B</subfield>
   <subfield code="d">COCUF</subfield>
   <subfield code="d">EBLCP</subfield>
   <subfield code="d">YDXCP</subfield>
   <subfield code="d">QE2</subfield>
   <subfield code="d">DKDLA</subfield>
   <subfield code="d">ZCU</subfield>
   <subfield code="d">U5D</subfield>
   <subfield code="d">MHW</subfield>
   <subfield code="d">FVL</subfield>
   <subfield code="d">UMI</subfield>
   <subfield code="d">DEBSZ</subfield>
   <subfield code="d">GR-PeUP</subfield>
  </datafield>
  <datafield tag="100" ind1="1" ind2=" ">
   <subfield code="a">St. Denis, Tom.</subfield>
  </datafield>
  <datafield tag="245" ind1="1" ind2="0">
   <subfield code="a">BigNum math</subfield>
   <subfield code="h">[electronic resource] :</subfield>
   <subfield code="b">implementing cryptographic multiple precision arithmetic /</subfield>
   <subfield code="c">Tom St. Denis, Greg Rose.</subfield>
  </datafield>
  <datafield tag="260" ind1=" " ind2=" ">
   <subfield code="a">Rockland, MA :</subfield>
   <subfield code="b">Syngress Pub.,</subfield>
   <subfield code="c">c2006.</subfield>
  </datafield>
  <datafield tag="300" ind1=" " ind2=" ">
   <subfield code="a">1 online resource.</subfield>
  </datafield>
  <datafield tag="504" ind1=" " ind2=" ">
   <subfield code="a">Includes bibliographical references and index.</subfield>
  </datafield>
  <datafield tag="505" ind1="0" ind2=" ">
   <subfield code="a">Introduction; Multiple Precision Arithmetic; Exercises; Portability and Stability; Getting Started; Maintenance Algorithms; Basic Operations; Sign Manipulation; Basic Arithmetic; Multiplication and Squaring; The Multipliers; Multiplication; Modular Reduction; Basics of Modular Reduction; Exponentiation; Exponentiation Basics; Higher Level Algorithms; Number Theoretic Algorithms.</subfield>
  </datafield>
  <datafield tag="520" ind1=" " ind2=" ">
   <subfield code="a">Implementing cryptography requires integers of significant magnitude to resist cryptanalytic attacks. Modern programming languages only provide support for integers which are relatively small and single precision. The purpose of this text is to instruct the reader regarding how to implement efficient multiple precision algorithms. Bignum math is the backbone of modern computer security algorithms. It is the ability to work with hundred-digit numbers efficiently using techniques that are both elegant and occasionally bizarre. This book introduces the reader to the concept of bignum algorithms and proceeds to build an entire library of functionality from the ground up. Through the use of theory, pseudo-code and actual fielded C source code the book explains each and every algorithm that goes into a modern bignum library. Excellent for the student as a learning tool and practitioner as a reference alike BigNum Math is for anyone with a background in computer science who has taken introductory level mathematic courses. The text is for students learning mathematics and cryptography as well as the practioner who needs a reference for any of the algorithms documented within. * Complete coverage of Karatsuba Multiplication, the Barrett Algorithm, Toom-Cook 3-Way Multiplication, and More * Tom St Denis is the developer of the industry standard cryptographic suite of tools called LibTom. * This book provides step-by-step exercises to enforce concepts.</subfield>
  </datafield>
  <datafield tag="650" ind1=" " ind2="4">
   <subfield code="a">Programming (Mathematics).</subfield>
  </datafield>
  <datafield tag="655" ind1=" " ind2="4">
   <subfield code="a">Electronic books.</subfield>
  </datafield>
  <datafield tag="700" ind1="1" ind2=" ">
   <subfield code="a">Rose, Greg.</subfield>
  </datafield>
  <datafield tag="852" ind1=" " ind2=" ">
   <subfield code="a">INST</subfield>
   <subfield code="b">UNIPILB</subfield>
   <subfield code="c">EBOOKS</subfield>
   <subfield code="e">20140623</subfield>
   <subfield code="p">00b47580</subfield>
   <subfield code="q">00b47580</subfield>
   <subfield code="t">ONLINE</subfield>
   <subfield code="y">0</subfield>
  </datafield>
  <datafield tag="856" ind1="4" ind2="0">
   <subfield code="3">ScienceDirect</subfield>
   <subfield code="u">http://www.sciencedirect.com/science/book/9781597491129</subfield>
  </datafield>
  <datafield tag="856" ind1="4" ind2=" ">
   <subfield code="d">/webopac/covers/03/47580_9781597491129.jpg</subfield>
  </datafield>
  <datafield tag="856" ind1="4" ind2=" ">
   <subfield code="d">/webopac/covers/03/47580_1597491128.jpg</subfield>
  </datafield>
  <datafield tag="856" ind1="4" ind2=" ">
   <subfield code="d">/webopac/covers/03/47580_0080488382.jpg</subfield>
  </datafield>
  <datafield tag="856" ind1="4" ind2=" ">
   <subfield code="d">/webopac/covers/03/47580_9780080488387.jpg</subfield>
  </datafield>
 </record>
</collection>
